| 000 | 02015 am a2200289 i 4500 | ||
|---|---|---|---|
| 001 | 8702879 | ||
| 003 | CaAEU | ||
| 008 | 190731s2019 enka 000 0 eng d | ||
| 020 |
_a9781786273963 _qpaperback |
||
| 035 | _aon1091650445 | ||
| 040 |
_aUKMGB _beng _erda _cUKMGB _dOCLCO _dOCLCF _dYDX _dAGPC |
||
| 050 | 4 |
_aNC1000 _b.C87 2019 |
|
| 100 |
_aCure, Sophie, _eauthor. _924848 |
||
| 245 | 1 | 0 |
_aGraphic design play book _b: an exploration of visual thinking _c/ Sophie Cure, Aurélien Farina ; translated by Philippa Hurd. |
| 264 | 1 |
_aLondon : _bLaurence King Publishing Ltd., _c[2019] |
|
| 300 |
_a80 pages : _billustrations (some color) ; _c25 cm |
||
| 500 | _aCover title. | ||
| 500 | _aSheets of stencils, stickers, and paper in back pocket. | ||
| 500 | _aIncludes sticker, stensils, etc. in the center of the book. | ||
| 520 |
_a"An entertaining and highly original introduction to graphic design, this beautifully designed book uses puzzles and visual challenges to demonstrate how typography, signage, posters and branding work. Through a series of games and activities, including spot the difference, matching games, drawing and dot-to-dot, readers are introduced to concepts and techniques in an engaging and interactive way. Further explanation and information is provided by solution pages and a glossary, and a loose-leaf section contains stickers, die-cut templates, and coloured paper to help readers complete the activities. Illustrated with typefaces, posters and pictograms by distinguished designers including Otl Aicher, Pierre Di Sciullo, Otto Neurath and Gerd Arntz, the book will be enjoyed both by graphic designers, and anyone interested in finding out more about visual communication." -- _cProvided by publisher. |
||
| 650 | 0 |
_aGraphic arts _vProblems, exercises, etc. |
|
| 650 | 0 |
_aGraphic design (Typography) _vProblems, exercises, etc. |
|
| 650 | 0 |
_aGraphic arts _923747 |
|
| 700 |
_aFarina, Aurélien, _eauthor. _924850 |
||
| 700 |
_aHurd, Philippa, _etranslator. _924851 |
||
| 942 | _2lcc | ||
| 999 |
_c4518 _d4518 |
||